00916nam a2200193Ia 4500008004100000020001500041050002000056082002100076100004000097245005700137250001700194260003600211300004200247500003700289504003100326505027200357650003300629700006000662120625s2004 mx a 000 0 spa d a9702605377 aG128 bA48 2004 a910 bA283a 2004 aAguilar Rodríguez, Armandoeautor aGeografía generalc / Armando Aguilar Rodríguez. a2a edición a México b : Pearson c, 2004 axiii, 306 páginasb : ilustraciones aIncluye: glosario (pp. 301-303)  aBibliografia (pp. 305-306) aIntroducción a la geografía La Tierra en el universo Representación y mediciones de la Tierra El planeta Tierra Hidrología geográfica Clima y vida en la Tierra Geografía de la población Geografía económica Geografía política  0aGEOGRAFÍAvLIBROS DE TEXTO aVázquez Álvarez, Jorge Manuelerevisión técnica